书目信息 |
| 题名: |
大学英语三级测试阅读、翻译与简答
|
|
| 作者: | 刘桦 主编 | |
| 分册: | ||
| 出版信息: | 成都 西南交通大学出版社 2000.09 |
|
| 页数: | 270页 | |
| 开本: | 32开 | |
| 丛书名: | ||
| 单 册: | ||
| 中图分类: | H319.4 | |
| 科图分类: | ||
| 主题词: | 英语 | |
| 电子资源: | ||
| ISBN: | 7-81057-509-0 | |
| 000 | 00587nam0 2200193 45 | |
| 001 | 0011161613 | |
| 005 | 20001116165009.4 | |
| 010 | @a7-81057-509-0@d11.50元 | |
| 100 | @a20001116d2000 km y0chiy0120 ea | |
| 101 | 0 | @achi |
| 105 | @a z 000yy | |
| 200 | 1 | @a大学英语三级测试阅读、翻译与简答@ADa Xue Ying Yu San Ji Ce Shi Yue Du、Fan Yi Yu Jian Da@f刘桦主编@FLiu Hua Zhu Bian |
| 210 | @a成都 西南交通大学出版社@d2000.09 | |
| 215 | @a270页@d32开 | |
| 606 | 0 | @a英语 |
| 690 | @aH319.4@v3 | |
| 701 | 0 | @a刘桦@4主编 |
| 801 | @aCN@bPftUser@c20001116 | |
| 905 | @b409414-418@dH319.4@eL.606@f5 | |
| 大学英语三级测试阅读、翻译与简答/刘桦主编.-成都 西南交通大学出版社,2000.09 |
| 270页;32开 |
| ISBN 7-81057-509-0:11.50元 |
| ● |
| 相关链接 |
|
|
|
正题名:大学英语三级测试阅读、翻译与简答
索取号:H319.4/L.606
 
预约/预借
| 序号 | 登录号 | 条形码 | 馆藏地/架位号 | 状态 | 备注 |
| 1 | 409414 | 204094149 | 语言库209/209语言库 46排7列2层/ [索取号:H319.4/L.606] | 在馆 | |
| 2 | 409415 | 204094158 | 语言库209/209语言库 16排2列1层/ [索取号:H319.4/L.606] | 在馆 | |
| 3 | 409416 | 204094167 | 语言库209/ [索取号:H319.4/L.606] | 在馆 | |
| 4 | 409417 | 204094176 | 语言库209/209语言库 94排1列4层/ [索取号:H319.4/L.606] | 在馆 | |
| 5 | 409418 | 204094185 | 语言库209/209语言库 46排7列2层/ [索取号:H319.4/L.606] | 在馆 |